[Event "CYCC U12"]
[Site "Hamilton CAN"]
[Date "2022.07.09"]
[Round "4.22"]
[White "Zhang, Felix"]
[Black "Wang, Edward"]
[Result "0-1"]
[WhiteElo "1068"]
[BlackElo "743"]
[PlyCount "136"]
[EventDate "2022.07.08"]
[EventType "swiss"]
[EventRounds "7"]
[EventCountry "CAN"]

1. e4 c5 2. Nc3 Nc6 3. g3 Nf6 4. Bg2 e6 5. d3 h6 6. Nge2 d5 7. O-O Be7 8. exd5
exd5 9. Bf4 O-O 10. d4 Be6 11. dxc5 Bxc5 12. Na4 Bd6 13. Bxd6 Qxd6 14. c4 Qb4
15. cxd5 Nxd5 16. a3 Qd6 17. Nf4 Rad8 18. Nxe6 Qxe6 19. Qh5 Nf6 20. Qh4 Rd4 21.
Nc5 Qf5 22. Qh3 Qxc5 23. Rac1 Qb5 24. Rb1 Qh5 25. Qxh5 Nxh5 26. b4 Rd3 27. a4
Rd7 28. Rfc1 Nd4 29. Rd1 Ne2+ 30. Kf1 Rxd1+ 31. Rxd1 Nc3 32. Ra1 b6 33. Bf3 Nf6
34. a5 Nfd5 35. Bxd5 Nxd5 36. axb6 axb6 37. Ra6 Rc8 38. Ke2 Rc4 39. b5 Rc5 40.
Ra8+ Kh7 41. Ra7 Rxb5 42. Rxf7 Rc5 43. Rb7 Rc7 44. Rxc7 Nxc7 45. Kd3 Kg6 46. f4
Kf5 47. h3 g5 48. fxg5 hxg5 49. Kc4 Ke4 50. h4 gxh4 51. gxh4 Kf5 52. h5 Kg5 53.
h6 Kxh6 54. Kd4 Kg6 55. Ke5 Kf7 56. Kd6 b5 57. Kc5 Ke6 58. Kb4 Kd5 59. Kc3 Kc5
60. Kb3 b4 61. Kb2 Kc4 62. Kc2 b3+ 63. Kb2 Kb4 64. Kb1 Kc3 65. Kc1 b2+ 66. Kb1
Nd5 67. Ka2 Kc2 68. Ka3 b1=Q 0-1

[Event "CYCC U12"]
[Site "Hamilton CAN"]
[Date "2022.07.09"]
[Round "4.24"]
[White "Dunikov, Glib"]
[Black "Davydov, Daniel"]
[Result "1-0"]
[WhiteElo "1561"]
[BlackElo "701"]
[PlyCount "113"]
[EventDate "2022.07.08"]
[EventType "swiss"]
[EventRounds "7"]
[EventCountry "CAN"]

1. e4 d5 2. Nf3 dxe4 3. Ng5 Nf6 4. Nc3 Bf5 5. Bc4 e6 6. f3 exf3 7. Qxf3 Nc6 8.
Nxf7 Kxf7 9. Qxf5 Nd4 10. Qd3 Bc5 11. Ne4 Nxe4 12. Qxe4 Rf8 13. c3 Re8 14. cxd4
Bxd4 15. Qxh7 c6 16. Qf5+ Ke7 17. Qxe6+ Kf8 18. Rf1+ Bf6 19. Kd1 Rxe6 20. Bxe6
Qd6 21. Bh3 Qxh2 22. d3 Rd8 23. Bf4 Rxd3+ 24. Kc2 Rxh3 25. Bxh2 Rxh2 26. Rf2
Kg8 27. Rb1 b5 28. Kd3 c5 29. b3 Rh4 30. Rf5 Bd4 31. Rbf1 Kh7 32. R1f3 g6 33.
R5f4 Rxf4 34. Rxf4 b4 35. Kc4 g5 36. Rf7+ Kg6 37. Rxa7 Kh5 38. Rh7+ Kg4 39. Rh3
Bf2 40. Kd5 Kf4 41. Rf3+ Kg4 42. Rxf2 Kg3 43. Rc2 Kf4 44. Kxc5 Ke5 45. Kxb4 Kd5
46. a4 Kd4 47. a5 Kd3 48. Ra2 Kd4 49. a6 Kd5 50. a7 Kc6 51. a8=Q+ Kd6 52. Qc8
Kd5 53. Rd2+ Ke4 54. Qe6+ Kf4 55. Rf2+ Kg3 56. Rf3+ Kh4 57. Qh3# 1-0

[Event "CYCC U12"]
[Site "Hamilton CAN"]
[Date "2022.07.09"]
[Round "4.25"]
[White "Nguyen, Aiden"]
[Black "Gummadi, Bhargav Ram"]
[Result "0-1"]
[WhiteElo "540"]
[BlackElo "1168"]
[PlyCount "78"]
[EventDate "2022.07.08"]
[EventType "swiss"]
[EventRounds "7"]
[EventCountry "CAN"]

1. d4 d5 2. Nf3 c6 3. e3 Nf6 4. Bd3 Bg4 5. Nbd2 e6 6. O-O Bd6 7. b3 O-O 8. h3
Bh5 9. Bb2 c5 10. c4 cxd4 11. Bxd4 e5 12. g4 exd4 13. gxh5 dxe3 14. fxe3 Nxh5
15. cxd5 h6 16. Rc1 Nd7 17. Ne4 Bb8 18. d6 Nhf6 19. Nfd2 a6 20. Kf2 Nxe4+ 21.
Bxe4 Qh4+ 22. Ke2 Ra7 23. Rg1 Qxh3 24. Qc2 Nf6 25. Rg2 Qh5+ 26. Bf3 Qb5+ 27.
Kf2 Bxd6 28. Rcg1 Ne8 29. Ne4 Be5 30. Rh1 Qb6 31. Ng5 Nf6 32. Rgh2 Bxh2 33.
Rxh2 hxg5 34. Qb1 Re8 35. Qh1 Qxe3+ 36. Kg3 Qe1+ 37. Qxe1 Rxe1 38. Rd2 g4 39.
Bd1 Ne4+ 0-1

[Event "CYCC U12"]
[Site "Hamilton CAN"]
[Date "2022.07.09"]
[Round "4.26"]
[White "Zhang, Jeff"]
[Black "Elizarov, Gabriel"]
[Result "0-1"]
[WhiteElo "901"]
[BlackElo "240"]
[PlyCount "80"]
[EventDate "2022.07.08"]
[EventType "swiss"]
[EventRounds "7"]
[EventCountry "CAN"]

1. e4 e5 2. Nf3 Nc6 3. Bb5 Nf6 4. Nc3 a6 5. Bxc6 dxc6 6. d3 Bd6 7. O-O Bg4 8.
h3 Bh5 9. Ne2 Bxf3 10. gxf3 Bc5 11. Ng3 O-O 12. Bg5 h6 13. Bd2 Qd7 14. Kh2 Rad8
15. Qc1 Qe6 16. Nf5 Nh5 17. Nxh6+ gxh6 18. Bxh6 Nf4 19. Bxf4 exf4 20. Qxf4 Bd6
21. Rg1+ Kh8 22. Qxd6 Qxd6+ 23. Kh1 Rg8 24. Rgf1 Qe6 25. Kh2 Qe5+ 26. Kh1 Qh5
27. Kh2 Qxf3 28. Rg1 Qxf2+ 29. Kh1 Rxg1+ 30. Rxg1 Rg8 31. Rxg8+ Kxg8 32. d4 Kg7
33. c4 Kg6 34. h4 Kh5 35. d5 Kxh4 36. d6 Kh3 37. d7 Qxb2 38. a3 Qxa3 39. Kg1
Qf3 40. d8=Q Qg2# 0-1

[Event "CYCC U12"]
[Site "Hamilton CAN"]
[Date "2022.07.10"]
[Round "5.1"]
[White "Duanmu, Isaac"]
[Black "Wu, Nolan"]
[Result "0-1"]
[WhiteElo "1265"]
[BlackElo "1550"]
[PlyCount "68"]
[EventDate "2022.07.08"]
[EventType "swiss"]
[EventRounds "7"]
[EventCountry "CAN"]

1. d4 Nf6 2. c4 g6 3. Nc3 Bg7 4. e4 d6 5. Nf3 O-O 6. Be2 e5 7. d5 a5 8. Bg5 h6
9. Bh4 Na6 10. Nd2 Qe8 11. a3 Bd7 12. b3 Nxe4 13. Ndxe4 f5 14. Nd2 g5 15. Bg3
e4 16. Rc1 Nc5 17. f4 exf3 18. gxf3 f4 19. Nce4 Nxe4 20. Nxe4 fxg3 21. hxg3 g4
22. O-O Bf5 23. Nf2 gxf3 24. Bd3 Qg6 25. g4 h5 26. Qxf3 hxg4 27. Bxf5 Rxf5 28.
Qd3 Raf8 29. Ne4 Rf3 30. Qc2 Qh7 31. Rxf3 Rxf3 32. Ng5 Rg3+ 33. Qg2 Rxg2+ 34.
Kxg2 Qh6 0-1

[Event "CYCC U12"]
[Site "Hamilton CAN"]
[Date "2022.07.10"]
[Round "5.2"]
[White "Zhong, Ryan Yunhui"]
[Black "Qian, Eric"]
[Result "0-1"]
[WhiteElo "1480"]
[BlackElo "1753"]
[PlyCount "116"]
[EventDate "2022.07.08"]
[EventType "swiss"]
[EventRounds "7"]
[EventCountry "CAN"]

1. d4 d5 2. c4 e6 3. Nc3 Nf6 4. cxd5 exd5 5. Bg5 c6 6. e3 Be7 7. Bd3 Nbd7 8.
Nge2 h6 9. Bh4 Nh5 10. Bg3 Nxg3 11. Nxg3 Nb6 12. O-O O-O 13. Qc2 Be6 14. Rad1
Qd7 15. Nce2 Qc7 16. f3 Rad8 17. Bf5 Bg5 18. f4 Bxf5 19. Qxf5 Bf6 20. Nc3 Nc4
21. Rfe1 Nxb2 22. Rb1 Nc4 23. Nh5 Be7 24. Qg4 g6 25. f5 Qd7 26. Nf4 Bg5 27. h4
Bxf4 28. Qxf4 Kh7 29. g4 b6 30. Ne2 Qd6 31. Kg2 Rg8 32. Qxd6 Nxd6 33. fxg6+
Rxg6 34. Kh3 Rdg8 35. Rg1 f5 36. gxf5 Rxg1 37. Nxg1 Nxf5 38. Re1 Rg3+ 39. Kh2
Rxe3 40. Rf1 Nxd4 41. Rf7+ Kg6 42. Rxa7 Kh5 43. Ra6 b5 44. Kg2 Kxh4 45. Kf2 Re6
46. Ra3 Rf6+ 47. Kg2 Kg4 48. Rg3+ Kf5 49. Rd3 Ke4 50. Rh3 c5 51. Nf3 Rxf3 52.
Rxh6 c4 53. Rh4+ Rf4 54. Rxf4+ Kxf4 55. Kf2 c3 56. Ke1 Ke3 57. Kd1 c2+ 58. Kc1
Kd3 0-1

[Event "CYCC U12"]
[Site "Hamilton CAN"]
[Date "2022.07.10"]
[Round "5.3"]
[White "Guillemette, Hugo"]
[Black "Xu, Leon"]
[Result "1-0"]
[WhiteElo "2041"]
[BlackElo "1439"]
[PlyCount "61"]
[EventDate "2022.07.08"]
[EventType "swiss"]
[EventRounds "7"]
[EventCountry "CAN"]

1. e4 e5 2. Nf3 Nc6 3. Bb5 a6 4. Ba4 Nf6 5. O-O Be7 6. Re1 b5 7. Bb3 d6 8. c3
Bg4 9. d3 O-O 10. h3 Bh5 11. Nbd2 Na5 12. Bc2 c5 13. Nf1 Nd7 14. Ng3 Bg6 15. d4
exd4 16. cxd4 Re8 17. Bf4 Nc4 18. Qc1 Nf8 19. b3 Na5 20. e5 dxe5 21. Bxe5 cxd4
22. Bxg6 Rc8 23. Bxf7+ Kxf7 24. Qf4+ Kg8 25. Bxd4 Ng6 26. Qg4 Nc6 27. Bb2 Qd5
28. Rad1 Qf7 29. Nf5 Bf8 30. Ng5 Qa7 31. Qh5 1-0

[Event "CYCC U12"]
[Site "Hamilton CAN"]
[Date "2022.07.10"]
[Round "5.4"]
[White "Chen (167519), Chen"]
[Black "Wu, Jonathan"]
[Result "1-0"]
[WhiteElo "1375"]
[BlackElo "1891"]
[PlyCount "89"]
[EventDate "2022.07.08"]
[EventType "swiss"]
[EventRounds "7"]
[EventCountry "CAN"]

1. e4 c6 2. d4 d5 3. e5 c5 4. c3 Nc6 5. Nf3 cxd4 6. cxd4 Bg4 7. Nbd2 e6 8. Bb5
a6 9. Bxc6+ bxc6 10. h3 Bh5 11. a3 c5 12. O-O Qd7 13. dxc5 Bxc5 14. Nb3 Bb6 15.
Be3 Bxe3 16. fxe3 Ne7 17. g4 Bg6 18. Nc5 Qb5 19. b4 O-O 20. Nd4 Qe8 21. h4 Nc6
22. Nxc6 Qxc6 23. h5 Be4 24. h6 f5 25. g5 Qe8 26. Rf4 gxh6 27. Nxe4 dxe4 28.
gxh6 Qg6+ 29. Kf2 Qxh6 30. Qg1+ Kh8 31. Qh1 Qxh1 32. Rxh1 Rac8 33. Rfh4 Rf7 34.
Rh6 Rc2+ 35. Ke1 Rfc7 36. R1h2 Rc1+ 37. Kf2 R7c2+ 38. Kg3 Rg1+ 39. Kh3 Rxh2+
40. Kxh2 Rg6 41. Rxg6 hxg6 42. a4 g5 43. b5 f4 44. b6 fxe3 45. b7 1-0

[Event "CYCC U12"]
[Site "Hamilton CAN"]
[Date "2022.07.10"]
[Round "5.5"]
[White "Yao, Henry"]
[Black "Russell, Wesley"]
[Result "0-1"]
[WhiteElo "1666"]
[BlackElo "1287"]
[PlyCount "86"]
[EventDate "2022.07.08"]
[EventType "swiss"]
[EventRounds "7"]
[EventCountry "CAN"]

1. e4 c6 2. d4 d5 3. Nc3 dxe4 4. Nxe4 Nf6 5. Nxf6+ exf6 6. Nf3 Bd6 7. Bd3 O-O
8. O-O Re8 9. c3 Nd7 10. Qc2 Nf8 11. Bd2 Bg4 12. Nh4 g6 13. h3 Be6 14. Rfe1 Qd7
15. Re3 f5 16. Nf3 Bd5 17. Rae1 f4 18. Rxe8 Rxe8 19. Be4 Rxe4 20. Rxe4 Qf5 21.
Ne1 Qxe4 22. Qxe4 Bxe4 23. f3 Bd5 24. b3 Kg7 25. c4 Be6 26. Bc3 f6 27. Nd3 Bf5
28. Nb2 Kf7 29. c5 Bc7 30. Nc4 Bd3 31. Nb2 Bb1 32. a3 Ke6 33. Nc4 Kd5 34. Nd2
Bf5 35. b4 Ne6 36. Kf2 Nxd4 37. a4 a5 38. bxa5 Kxc5 39. h4 Kd5 40. Kf1 c5 41.
Ke1 c4 42. Kd1 Bd8 43. Ke1 Nb3 0-1

[Event "CYCC U12"]
[Site "Hamilton CAN"]
[Date "2022.07.10"]
[Round "5.6"]
[White "Liu, Sean"]
[Black "Sundara Rajan, Inbhavenkat"]
[Result "1-0"]
[WhiteElo "1208"]
[BlackElo "1517"]
[PlyCount "101"]
[EventDate "2022.07.08"]
[EventType "swiss"]
[EventRounds "7"]
[EventCountry "CAN"]

1. e4 e5 2. Nf3 Nc6 3. Bc4 Bc5 4. Nc3 Nf6 5. d3 h6 6. h3 d6 7. O-O Be6 8. Bb3
Qd7 9. Kh2 g5 10. Nd5 Bxd5 11. exd5 Ne7 12. d4 exd4 13. Nxd4 O-O-O 14. a4 Nf5
15. c3 Rhg8 16. Nxf5 Qxf5 17. Bc2 Qe5+ 18. f4 gxf4 19. Bxf4 Qe7 20. b4 Be3 21.
Bxe3 Qxe3 22. Qf3 Qe5+ 23. g3 Nxd5 24. Be4 Nxc3 25. Rae1 Nxe4 26. Rxe4 Rxg3 27.
Qe2 Qc3 28. Rh4 Rdg8 29. Rxf7 Qc6 30. Rg4 R3xg4 31. hxg4 Qe8 32. Re7 Qg6 33.
Qc4 c6 34. Qf4 Qxg4 35. Re8+ Kc7 36. Qf7+ Kb6 37. Rxg8 Qh4+ 38. Kg2 Qe4+ 39.
Qf3 Qxf3+ 40. Kxf3 c5 41. bxc5+ dxc5 42. Rg6+ Ka5 43. Rxh6 Kxa4 44. Rh7 b5 45.
Rxa7+ Kb3 46. Ke3 c4 47. Kd2 b4 48. Rb7 c3+ 49. Kc1 Kc4 50. Kc2 Kc5 51. Kb3 1-0

[Event "CYCC U12"]
[Site "Hamilton CAN"]
[Date "2022.07.10"]
[Round "5.7"]
[White "Li, Anthony"]
[Black "Mok, Erwin"]
[Result "0-1"]
[WhiteElo "1163"]
[BlackElo "1468"]
[PlyCount "110"]
[EventDate "2022.07.08"]
[EventType "swiss"]
[EventRounds "7"]
[EventCountry "CAN"]

1. b3 e5 2. Bb2 Nc6 3. e3 Nf6 4. Bb5 Bd6 5. c4 Qe7 6. Qc2 Nb4 7. Qc3 Ne4 8.
Qxb4 Bxb4 9. Nf3 c6 10. Ba4 a6 11. a3 Bd6 12. b4 Ng5 13. Nh4 Qe6 14. c5 Bc7 15.
h3 f6 16. Nc3 e4 17. Bd1 Rf8 18. Ne2 Be5 19. Bd4 a5 20. a4 axb4 21. Rb1 g6 22.
Bb3 Qe7 23. f4 exf3 24. gxf3 Bxd4 25. Nxd4 d6 26. cxd6 Qxd6 27. f4 Ne4 28. Rb2
Ng3 29. Rg1 Nf5 30. Nhxf5 Bxf5 31. h4 O-O-O 32. h5 Rde8 33. Kf2 Re4 34. Nxf5
gxf5 35. Rg7 Re7 36. Rg3 c5 37. h6 Rc7 38. Bc4 Qc6 39. a5 Kb8 40. Rg7 b5 41.
axb6 Qxb6 42. Rb1 Qb7 43. Rbg1 Re8 44. Ke2 Ree7 45. Rg8+ Ka7 46. Ra1+ Kb6 47.
Rga8 Qg2+ 48. Kd1 Ra7 49. Ra6+ Rxa6 50. Rxa6+ Kb7 51. Rxf6 Rd7 52. Be2 b3 53.
Ba6+ Ka7 54. Be2 Qg1+ 55. Bf1 Qxf1# 0-1

[Event "CYCC U12"]
[Site "Hamilton CAN"]
[Date "2022.07.10"]
[Round "5.8"]
[White "Chen, Timmy"]
[Black "Ming, Jerry"]
[Result "0-1"]
[WhiteElo "1073"]
[BlackElo "1716"]
[PlyCount "60"]
[EventDate "2022.07.08"]
[EventType "swiss"]
[EventRounds "7"]
[EventCountry "CAN"]

1. e4 c5 2. c3 Nf6 3. Bd3 Nc6 4. Bc2 e6 5. Nf3 Qc7 6. d4 cxd4 7. cxd4 Nb4 8.
Nc3 Nxc2+ 9. Qxc2 Be7 10. Bd2 a6 11. a4 b6 12. Qb3 Bb7 13. e5 Nd5 14. Rc1 Qb8
15. O-O Nxc3 16. Rxc3 Bd5 17. Qd1 Qb7 18. Qc2 Bb4 19. Rd3 Bxd2 20. Qxd2 Bc4 21.
Rc1 Bxd3 22. Qxd3 Rc8 23. Rc3 Rxc3 24. bxc3 h6 25. Nd2 O-O 26. Ne4 Qc6 27. f3
Rc8 28. Qd2 Qxa4 29. Nf6+ Kf8 30. Nxd7+ Qxd7 0-1

[Event "CYCC U12"]
[Site "Hamilton CAN"]
[Date "2022.07.10"]
[Round "5.9"]
[White "Lau, Jayden"]
[Black "Zhu, Charis"]
[Result "0-1"]
[WhiteElo "745"]
[BlackElo "1640"]
[PlyCount "76"]
[EventDate "2022.07.08"]
[EventType "swiss"]
[EventRounds "7"]
[EventCountry "CAN"]

1. e4 e5 2. Nf3 Nc6 3. d4 exd4 4. Bc4 d6 5. Nxd4 Nf6 6. Nc3 Be7 7. Bf4 O-O 8.
Qd2 Re8 9. f3 Nh5 10. Be3 Ne5 11. Be2 g5 12. g4 Nf4 13. O-O-O Neg6 14. Kb1 Bf6
15. Bc4 Ne5 16. Bb3 c5 17. Nf5 Bxf5 18. gxf5 Nxf3 19. Qf2 Nd4 20. Bxf4 gxf4 21.
Rhg1+ Kh8 22. Bxf7 Rf8 23. Bh5 Be5 24. Ne2 Nxe2 25. Qxe2 Qb6 26. c4 Rg8 27.
Rgf1 Rg5 28. Rd2 Rag8 29. Bf3 Rg1 30. Rdd1 Rxf1 31. Rxf1 a5 32. Qc2 a4 33. b3
Ra8 34. Be2 axb3 35. Qxb3 Qa5 36. Rc1 Ra6 37. Kc2 Rb6 38. Qh3 Rb2+ 0-1

[Event "CYCC U12"]
[Site "Hamilton CAN"]
[Date "2022.07.10"]
[Round "5.10"]
[White "Moses, Neil"]
[Black "Tseng, Bradley"]
[Result "1-0"]
[WhiteElo "1578"]
[BlackElo "1343"]
[PlyCount "137"]
[EventDate "2022.07.08"]
[EventType "swiss"]
[EventRounds "7"]
[EventCountry "CAN"]

1. e4 c5 2. Nf3 Nc6 3. Bb5 e5 4. d3 d6 5. Nc3 h6 6. Be3 Bd7 7. a4 Nf6 8. h3 a6
9. Bc4 Be6 10. Nd5 Bxd5 11. exd5 Ne7 12. Nd2 Nexd5 13. Bxd5 Nxd5 14. Qf3 Nxe3
15. fxe3 Qc7 16. d4 exd4 17. O-O O-O-O 18. exd4 f6 19. d5 Be7 20. Rfe1 Rhf8 21.
Qg4+ f5 22. Qxg7 Bg5 23. Qxc7+ Kxc7 24. Nf3 Rde8 25. Kf2 Bf6 26. c3 Re4 27. Nd2
Re5 28. Rxe5 dxe5 29. Rd1 b5 30. Nb3 Be7 31. Na5 c4 32. Nc6 Bc5+ 33. Kf1 Bd6
34. axb5 axb5 35. Ra1 Kb6 36. Ra7 e4 37. Rh7 Bf4 38. Nd4 Rf6 39. Rh8 Bd6 40.
Rc8 b4 41. Rxc4 bxc3 42. bxc3 Be5 43. Ne6 f4 44. Rc6+ Ka7 45. d6 Rxe6 46. d7
Rxc6 47. d8=Q e3 48. Qe7+ Bc7 49. Qd7 Kb6 50. Qd4+ Rc5 51. g3 Be5 52. Qd8+ Bc7
53. Qf6+ Kb5 54. gxf4 Rc4 55. f5 Bg3 56. Ke2 Bf2 57. Qe5+ Rc5 58. Qb8+ Kc4 59.
Qb4+ Kd5 60. f6 Rc4 61. Qxc4+ Kxc4 62. f7 Kxc3 63. f8=Q h5 64. Qc5+ Kb3 65.
Qxh5 Kc3 66. Qe5+ Kc2 67. Qe4+ Kc1 68. h4 Kb2 69. h5 1-0

[Event "CYCC U12"]
[Site "Hamilton CAN"]
[Date "2022.07.10"]
[Round "5.11"]
[White "Lu, Aiden"]
[Black "Gao, Justin"]
[Result "1-0"]
[WhiteElo "1291"]
[BlackElo "1587"]
[PlyCount "151"]
[EventDate "2022.07.08"]
[EventType "swiss"]
[EventRounds "7"]
[EventCountry "CAN"]

1. e4 e5 2. Nf3 Nc6 3. Bc4 Nf6 4. d3 h6 5. Nc3 Bc5 6. O-O d6 7. h3 O-O 8. Be3
Nd4 9. Bxd4 Bxd4 10. Nxd4 exd4 11. Ne2 c5 12. Re1 Be6 13. Bb3 Re8 14. f4 Bxb3
15. axb3 g6 16. Ng3 a6 17. Qf3 Qc7 18. f5 g5 19. Nh5 Qe7 20. Nxf6+ Qxf6 21. g4
Kg7 22. Kf2 Qe5 23. Qg3 Qe7 24. Qf3 f6 25. Qg3 Qd7 26. Qf3 a5 27. Qd1 Ra6 28.
c3 Rc8 29. Re2 Qc7 30. Rc2 Rc6 31. Qd2 b6 32. Kf3 Qe7 33. Ra4 dxc3 34. bxc3 Qe5
35. Qh2 Qe7 36. Qf2 Qd7 37. c4 Qe7 38. Qh2 R6c7 39. Re2 Rd7 40. Raa2 Rcd8 41.
Rad2 Kh7 42. d4 cxd4 43. Rxd4 Kg7 44. Red2 Kf7 45. Rd5 Kg7 46. Qf2 Rb7 47. Qd4
Kf7 48. Rxd6 Rxd6 49. Qxd6 Qxd6 50. Rxd6 Ke7 51. Re6+ Kf7 52. e5 fxe5 53. Rxe5
Rd7 54. Rd5 Rb7 55. Rd6 Kg7 56. Ke4 a4 57. bxa4 Ra7 58. Rxb6 Rxa4 59. Kd5 Ra1
60. Rb3 Kf7 61. Kd6 Ra6+ 62. Kc7 Ra7+ 63. Rb7 Ra6 64. c5 Ke7 65. c6 Ke8 66.
Rb8+ Ke7 67. Rb6 Ra7+ 68. Kb8 h5 69. Kxa7 h4 70. Rb7+ Kd8 71. f6 Ke8 72. f7+
Kf8 73. c7 Kxf7 74. c8=Q+ Kf6 75. Qc5 Kg6 76. Qf5+ 1-0

[Event "CYCC U12"]
[Site "Hamilton CAN"]
[Date "2022.07.10"]
[Round "5.12"]
[White "Chen, Vincent"]
[Black "Huang, Eric"]
[Result "0-1"]
[WhiteElo "1445"]
[BlackElo "1155"]
[PlyCount "32"]
[EventDate "2022.07.08"]
[EventType "swiss"]
[EventRounds "7"]
[EventCountry "CAN"]

1. e4 e6 2. d4 d5 3. Nc3 Bb4 4. e5 c5 5. a3 Bxc3+ 6. bxc3 Ne7 7. Qg4 Qc7 8.
Qxg7 Rg8 9. Qxh7 cxd4 10. cxd4 Qc3+ 11. Ke2 Qxa1 12. Bd2 Nbc6 13. c3 Bd7 14. h4
Nxd4+ 15. cxd4 Bb5+ 16. Ke3 Qxf1 0-1

[Event "CYCC U12"]
[Site "Hamilton CAN"]
[Date "2022.07.10"]
[Round "5.13"]
[White "Leung, Joseph"]
[Black "Jiang, William"]
[Result "1-0"]
[WhiteElo "1109"]
[BlackElo "1380"]
[PlyCount "137"]
[EventDate "2022.07.08"]
[EventType "swiss"]
[EventRounds "7"]
[EventCountry "CAN"]

1. e4 c5 2. c3 d5 3. exd5 Qxd5 4. d4 Bf5 5. Nf3 Nc6 6. Be3 e6 7. Na3 cxd4 8.
Nb5 O-O-O 9. Nbxd4 Bg4 10. Be2 Nxd4 11. Qxd4 Qxd4 12. Bxd4 Kc7 13. h3 Bxf3 14.
Bxf3 f6 15. O-O-O Bd6 16. Rhe1 e5 17. Be3 f5 18. g3 h6 19. h4 f4 20. gxf4 exf4
21. Bxa7 b6 22. Re6 b5 23. Bb6+ Kxb6 24. Rdxd6+ Rxd6 25. Rxd6+ Kc7 26. Rc6+ Kd7
27. Rg6 Rh7 28. Be4 Ne7 29. Rg4 g6 30. Rxf4 Rg7 31. Bd3 Nd5 32. Rg4 g5 33.
Bxb5+ Kd6 34. hxg5 h5 35. Rh4 Rxg5 36. Be2 Rg8 37. Bxh5 Rh8 38. Rd4 Rxh5 39. c4
Rh1+ 40. Kc2 Kc5 41. Rxd5+ Kxc4 42. Rf5 Re1 43. Rf4+ Kc5 44. Kb3 Rd1 45. Ka4
Rd8 46. b4+ Kc6 47. Rf5 Ra8+ 48. Kb3 Rd8 49. a4 Rd3+ 50. Kc4 Rd6 51. Rc5+ Kb6
52. Rd5 Rc6+ 53. Kd4 Rh6 54. f4 Ka6 55. Ke5 Rh5+ 56. Kd6 Rh6+ 57. Kc7 Rh7+ 58.
Rd7 Rh4 59. Rf7 Rg4 60. Rf6+ Ka7 61. b5 Rg7+ 62. Kc6 Rb7 63. a5 Rb8 64. Rf7+
Ka8 65. f5 Rc8+ 66. Kb6 Rb8+ 67. Ka6 Rc8 68. f6 Rb8 69. Ra7# 1-0

[Event "CYCC U12"]
[Site "Hamilton CAN"]
[Date "2022.07.10"]
[Round "5.14"]
[White "Mane, Arnav"]
[Black "Lu, Austin"]
[Result "0-1"]
[WhiteElo "1379"]
[BlackElo "1087"]
[PlyCount "110"]
[EventDate "2022.07.08"]
[EventType "swiss"]
[EventRounds "7"]
[EventCountry "CAN"]

1. e4 c5 2. Nf3 Nc6 3. Bb5 g6 4. c3 Bg7 5. O-O Nf6 6. Re1 O-O 7. d4 cxd4 8.
cxd4 d5 9. e5 Nd7 10. Nc3 Nb6 11. h3 a6 12. Bxc6 bxc6 13. b3 Bf5 14. Nh4 Bd7
15. f4 e6 16. Nf3 Qe7 17. a4 Qd8 18. Ba3 Re8 19. Nh2 a5 20. g4 Qh4 21. Kg2 Qd8
22. g5 h5 23. h4 Rb8 24. Nf1 Nc8 25. Ne2 Bf8 26. Bc5 Bxc5 27. dxc5 Ne7 28. Ne3
Bc8 29. Nd4 Ba6 30. Rb1 Rb7 31. Qd2 Qc7 32. Rb2 Reb8 33. Reb1 Kf8 34. Nec2 Ke8
35. Kg1 Kd8 36. b4 Bc4 37. Ne3 Kc8 38. Nxc4 dxc4 39. b5 Qd7 40. bxc6 Nxc6 41.
Rxb7 Rxb7 42. Rd1 Nxd4 43. Qxd4 Qxd4+ 44. Rxd4 Rb4 45. Kf2 Rxa4 46. Ke2 Rb4 47.
Kd2 c3+ 48. Kxc3 Rxd4 49. Kxd4 Kc7 50. Kc4 Kc6 51. Kb3 Kxc5 52. Ka4 Kd4 53.
Kxa5 Ke4 54. Kb6 Kxf4 55. Kc6 Kxe5 0-1

[Event "CYCC U12"]
[Site "Hamilton CAN"]
[Date "2022.07.10"]
[Round "5.15"]
[White "Yu, Ryan"]
[Black "Fu, Odyssey"]
[Result "0-1"]
[WhiteElo "1368"]
[BlackElo "1101"]
[PlyCount "94"]
[EventDate "2022.07.08"]
[EventType "swiss"]
[EventRounds "7"]
[EventCountry "CAN"]

1. e4 c5 2. Nf3 Nc6 3. d4 cxd4 4. Nxd4 Nf6 5. Nc3 e5 6. Nb3 Bb4 7. Bd3 d5 8.
exd5 Nxd5 9. Bd2 Bxc3 10. bxc3 O-O 11. O-O f5 12. Bc4 Kh8 13. Rb1 b6 14. Re1 e4
15. Nd4 Ne5 16. Bxd5 Qxd5 17. Rb5 Qd6 18. Kh1 Ng4 19. Kg1 Qxh2+ 20. Kf1 Ba6 21.
c4 Bxb5 22. cxb5 Qh1+ 23. Ke2 Qxg2 24. Rf1 f4 25. Ne6 f3+ 26. Ke1 Nh2 27. Bc3
Qxf1+ 28. Kd2 Qxd1+ 29. Kxd1 Rf7 30. Ng5 Rd7+ 31. Kc1 e3 32. Nxf3 exf2 33. Nxh2
Rf8 34. Nf1 Kg8 35. Bd2 h5 36. Bg5 Rf5 37. Bh4 g5 38. Bg3 h4 39. Bb8 g4 40. c4
g3 41. c5 bxc5 42. b6 axb6 43. a4 g2 44. a5 gxf1=Q+ 45. Kc2 Qd3+ 46. Kb2 f1=Q
47. Bg3 Qfb1# 0-1

[Event "CYCC U12"]
[Site "Hamilton CAN"]
[Date "2022.07.10"]
[Round "5.16"]
[White "Li, Aiden"]
[Black "Luan, Jacky Wang"]
[Result "1-0"]
[WhiteElo "1321"]
[BlackElo "993"]
[PlyCount "105"]
[EventDate "2022.07.08"]
[EventType "swiss"]
[EventRounds "7"]
[EventCountry "CAN"]

1. c4 e5 2. g3 Nc6 3. Bg2 Bc5 4. Nc3 Nf6 5. e3 d6 6. Nf3 O-O 7. O-O Bg4 8. h3
Bh5 9. g4 Bg6 10. d4 exd4 11. exd4 Bb6 12. Na4 d5 13. c5 Ba5 14. a3 b5 15. b4
Bxb4 16. axb4 bxa4 17. Qxa4 Qd7 18. Bf4 Rab8 19. Ne5 Nxe5 20. Bxe5 Qxa4 21.
Rxa4 Rfe8 22. f4 Bc2 23. Ra2 Bb3 24. Rxa7 Rxb4 25. Rfa1 h6 26. Ra8 Rxa8 27.
Rxa8+ Kh7 28. Rc8 Nd7 29. Rxc7 Nxe5 30. fxe5 Rxd4 31. Rxf7 Rd1+ 32. Kf2 d4 33.
Rd7 d3 34. Rxd3 Rxd3 35. Be4+ g6 36. Bxd3 Bd5 37. Ke3 Kg7 38. Kd4 Bc6 39. Be4
Bd7 40. Bb7 Kf7 41. c6 Bxc6 42. Bxc6 Ke6 43. Be8 g5 44. Bh5 Ke7 45. Kd5 Kd7 46.
e6+ Ke7 47. Ke5 Kf8 48. Kf6 Kg8 49. Bf7+ Kh7 50. e7 h5 51. e8=Q h4 52. Bg6+ Kh6
53. Qf8# 1-0

[Event "CYCC U12"]
[Site "Hamilton CAN"]
[Date "2022.07.10"]
[Round "5.17"]
[White "Sun, Lucas"]
[Black "Zhou, Felix"]
[Result "1-0"]
[WhiteElo "1026"]
[BlackElo "1293"]
[PlyCount "83"]
[EventDate "2022.07.08"]
[EventType "swiss"]
[EventRounds "7"]
[EventCountry "CAN"]

1. e4 e5 2. Nf3 Nc6 3. Bc4 Bc5 4. d3 h6 5. Nc3 Nf6 6. Na4 Be7 7. Nc3 d6 8. h3
Na5 9. Bb3 Nxb3 10. axb3 Be6 11. Be3 c6 12. d4 exd4 13. Qxd4 c5 14. Qd3 a6 15.
O-O O-O 16. Rfd1 Ne8 17. Ne2 f5 18. Nf4 Bc8 19. Qd5+ Kh8 20. Ng6+ Kh7 21. Nxf8+
Bxf8 22. exf5 Nf6 23. Qd3 d5 24. Bf4 Bd6 25. Bxd6 Qxd6 26. g4 Kg8 27. Qe3 Bd7
28. Qe5 Qc6 29. Qg3 Ne4 30. Qh2 Re8 31. Ne5 Qc7 32. Nxd7 Qxd7 33. Re1 Ng5 34.
Qg2 h5 35. Rxe8+ Qxe8 36. Qxd5+ Kh8 37. Qd3 Qf7 38. Qd8+ Qg8 39. Qxg5 hxg4 40.
Rd1 Qf7 41. Rd8+ Kh7 42. Qh4+ 1-0

[Event "CYCC U12"]
[Site "Hamilton CAN"]
[Date "2022.07.10"]
[Round "5.18"]
[White "Wang, Edward"]
[Black "Ahlawat, Jaiho"]
[Result "1/2-1/2"]
[WhiteElo "743"]
[BlackElo "1601"]
[PlyCount "120"]
[EventDate "2022.07.08"]
[EventType "swiss"]
[EventRounds "7"]
[EventCountry "CAN"]

1. e4 e5 2. Nf3 Nc6 3. Bc4 Bc5 4. Nc3 Nf6 5. O-O O-O 6. d3 h6 7. h3 d6 8. Be3
Bb6 9. a3 Be6 10. Bxe6 fxe6 11. d4 exd4 12. Nxd4 Nxd4 13. Bxd4 Bxd4 14. Qxd4 e5
15. Qc4+ Kh8 16. Nd5 Nxd5 17. Qxd5 Rb8 18. Rad1 b6 19. Rd3 Rf6 20. Rc3 Rc8 21.
Qb7 a5 22. Qc6 Rf7 23. Rd1 Qf8 24. f3 Qe7 25. Rxd6 cxd6 26. Qxc8+ Rf8 27. Qc7
Qg5 28. Qxd6 Rg8 29. Qd3 Rd8 30. Qe3 Qg3 31. Rd3 Rc8 32. Qd2 Kh7 33. b4 axb4
34. axb4 Ra8 35. Qc1 h5 36. Rd1 h4 37. Qd2 Rf8 38. Qf2 Rc8 39. Qxg3 hxg3 40.
Rc1 Rc4 41. c3 Kg6 42. Kf1 Kg5 43. Ke2 Rc8 44. Ke3 Ra8 45. Rc2 Ra1 46. c4 Ra3+
47. Ke2 Ra4 48. b5 Rb4 49. c5 bxc5 50. Rxc5 Rb2+ 51. Kd3 Kf4 52. Rc2 Rxb5 53.
Ke2 Rb6 54. Rc3 Rb2+ 55. Kf1 Rf2+ 56. Kg1 Rd2 57. Kf1 Rf2+ 58. Kg1 Rd2 59. Rc1
g5 60. Re1 Rf2 1/2-1/2